000 00919cam3a220026500 4500
001 lce00672800
008 710426s1967 sz a 100 0 eng
010 _a 68100242 //r852
015 _aSw67-A-5533
020 _csfr 35.-
035 _a(Sirsi) r65127
035 _a(DLC) 68100242 //r852
035 _a(UPRA)lce00672800
040 _dUPRA
050 0 _aQL963.5
_b.M6
082 _a591.8
245 0 0 _aMorphological and biochemical aspects of cytodifferentiation.
260 _aBasel ; New York :
_aBasel ; New York :
_bKarger,
_c1967.
490 1 _aExperimental biology and medicine ;
_vv. 1
500 _a"Contributions to a round table conference held in Valbella, Switzerland, during September 1966."
650 0 _aCell differentiation.
_6S9110.1
830 0 _aExperimental biology and medicine (Clifton, N.J.)
_6S4743.1
949 _aQL963.5
_wlcc
_i-86904
_mMAIN
_tBOOK
_lON-SHELF
004 65127
999 _c180392
_d180392